Natural, Racional, Social. (Registro nro. 450)

Detalles MARC
000 -LEADER
fixed length control field 01140 am a2200277 a 4500
005 - FECHA ULTIMA MODIFICACION
control field 20240223092956.0
008 - CAMPO DE CONTROL (LIBRO)
fixed length control field 100630s1997||||ag # f |||| 001 0 spa d
020 ## - INTERNATIONAL STANDARD BOOK NUMBER
ISBN 9508920467
041 ## - CODIGO DE IDIOMA
Código de idioma del texto/pista de sonido o título separado spa
092 ## - SIGNATURA TOPOGRAFICA DEWEY LOCAL
número de clasificación 614.01
libristica 50
sección LUZ
100 1# - ENTRADA PRINCIPAL--NOMBRE PERSONAL
Nombre personal Luz, Madel T.
9 (RLIN) 1118
245 ## - TITULO PROPIAMENTE DICHO
Título Natural, Racional, Social.
Subtítulo y Título paralelo Razón médica y racionalidad científica moderna /
Mención de responsabilidad y remanente de la transcripción de la portada Madel T. Luz
250 ## - MENCION DE EDICION
Mención de edición 1a ed.
Mención de responsabilidad relacionada con la ed. Traducción Viviana Martinovich.
260 ## - PIE DE IMPRENTA
Lugar de publicación, distribución, etc Buenos Aires:
Nombre de la editorial, distribuidor, etc Lugar Editorial;
Fecha de publicación 1997.
300 ## - DESCRIPCION FISICA
Extension 143 p.
500 ## - NOTA GENERAL
Nota general Luz, M. T. (1997). Natural, racional. social. Razón médica y racionalidad científica moderna. (1a ed.). Buenos Aires : Lugar Editorial.
590 ## - NOTAS LOCALES (RLIN)
Nota local Donación Editorial Lugar, Nov. 2005
653 ## - TÉRMINO INDIZADO - PALABRAS CLAVES
Palabra clave Racionalidad cientifica e historia
653 ## - TÉRMINO INDIZADO - PALABRAS CLAVES
Palabra clave Construcción de la racionalidad cientifica moderna
653 ## - TÉRMINO INDIZADO - PALABRAS CLAVES
Palabra clave Naturaleza y razón
653 ## - TÉRMINO INDIZADO - PALABRAS CLAVES
Palabra clave Racionalización en el periodo clásico de la edad moderna
653 ## - TÉRMINO INDIZADO - PALABRAS CLAVES
Palabra clave Disciplina de las enfermedades y la razón social: categorias médico-sociales en el siglo XIX
653 ## - TÉRMINO INDIZADO - PALABRAS CLAVES
Palabra clave Razón médica y pasión política
930 ## - NUMERO DE INVENTARIO
Número de inventario 1367
942 ## - ADDED ENTRY ELEMENTS (KOHA)
Source of classification or shelving scheme Dewey Decimal Classification
Item type Libros
Existencias
Estado de retiro Existencia Estado general No para prestamo Ubicación permanente ubicación actual Sala de ubicación Fecha de adquisición Total Checkouts Número de clasificación Código de barras Date last seen Número de ejemplar Price effective from Koha tipo de elemento (item)
        Biblioteca Medicina Biblioteca Medicina Circulación 13/05/2011   614.01 50 LUZ 1367 06/11/2014 ej.1 13/05/2011 Libros

UNIVERSIDAD NACIONAL DEL COMAHUE
Biblioteca de la Facultad de Ciencias Médicas
Sede Toschi: Los Arrayanes y Av. Toschi, Cipolletti  - Rio Negro
Sede Los Tordos:  Yrigoyen al 2211, Cipolletti - Rio Negro 

Teléfono: 0299 - 4774707 int 25
Contacto: biblioteca@facimed.uncoma.edu.ar
© 2011 - 2026